| 000 | 00620nam a22002057a 4500 | ||
|---|---|---|---|
| 003 | BD-DhJNU | ||
| 005 | 20250410060352.0 | ||
| 008 | 250410b |||||||| |||| 00| 0 eng d | ||
| 020 | _a0072837055 | ||
| 040 |
_aBD-DhJNU _bENG _cBD-DhJNU _dBD-DhJNU |
||
| 082 |
_223 _a301 KOA |
||
| 100 | _aKottak, Conrad Phillip | ||
| 245 |
_aAnthropology : _bthe exploration of human diversity / _cConrad Phillip Kottak |
||
| 250 | _a10th ed. | ||
| 260 |
_aBoston : _bMcGraw-Hill, _c2004. |
||
| 300 |
_axxxi, 694p. : _bill. ; _c25 cm. |
||
| 504 | _aIncludes bibliographies and index | ||
| 650 | _aAnthropology | ||
| 942 |
_2ddc _cBK _n0 |
||
| 999 |
_c1561 _d1560 |
||